Մեծ պահքի կիրակինների ոսկե շղթան / (Record no. 161740)
[ view plain ]
| 000 -LEADER | |
|---|---|
| fixed length control field | 01218nam a2200241 a 4500 |
| 001 - CONTROL NUMBER | |
| control field | 000425368 |
| 003 - CONTROL NUMBER IDENTIFIER | |
| control field | AM-YeHGA |
| 005 - DATE AND TIME OF LATEST TRANSACTION | |
| control field | 20250618072445.0 |
| 008 - FIXED-LENGTH DATA ELEMENTS--GENERAL INFORMATION | |
| fixed length control field | 050502s2001 ai 000 | arm d |
| 040 ## - CATALOGING SOURCE | |
| Original cataloging agency | AM-YeHGA |
| 041 1# - LANGUAGE CODE | |
| Language code of text/sound track or separate title | arm |
| 090 ## - LOCALLY ASSIGNED LC-TYPE CALL NUMBER (OCLC); LOCAL CALL NUMBER (RLIN) | |
| -- | 163146 |
| 100 1# - MAIN ENTRY--PERSONAL NAME | |
| Personal name | Գալուստյան, Շնորհք |
| Titles and words associated with a name | Արքեպիսկոպոս, |
| Dates associated with a name | 1913-1990 |
| 9 (RLIN) | 3217 |
| 245 10 - TITLE STATEMENT | |
| Title | Մեծ պահքի կիրակինների ոսկե շղթան / |
| Statement of responsibility, etc. | Շ. արք. Գալուստյան; Արևմտահայ. փոխադր.՝ Գ. Անտոնյան; Խմբ.՝ Ս. Ստամբոլցյան; Հայ Առաքելական Ս. եկեղեցու քրիստ. դաստիարակ. և քարոզ. կենտրոն. |
| 250 ## - EDITION STATEMENT | |
| Edition statement | [2-րդ հրատ.] |
| 260 ## - PUBLICATION, DISTRIBUTION, ETC. | |
| Place of publication, distribution, etc. | Էջմիածին : |
| Name of publisher, distributor, etc. | տպ. Մայր Աթոռ Ս. Էջմիածնի, |
| Date of publication, distribution, etc. | 2001. |
| 300 ## - PHYSICAL DESCRIPTION | |
| Extent | 127 էջ ; |
| Dimensions | 20 սմ. |
| 440 #0 - SERIES STATEMENT/ADDED ENTRY--TITLE | |
| Title | Հոգևոր գրադարան |
| Volume/sequential designation | ԻԹ |
| 650 14 - SUBJECT ADDED ENTRY--TOPICAL TERM | |
| Topical term or geographic name entry element | Կրոնական ծեսեր |
| 700 1# - ADDED ENTRY--PERSONAL NAME | |
| Personal name | Անտոնյան, Գայանե |
| Relator term | թարգմ. |
| Relationship | trl |
| 700 1# - ADDED ENTRY--PERSONAL NAME | |
| Personal name | Ստամբոլցյան, Ս. |
| Relator term | խմբ. |
| Relationship | edt |
| 710 2# - ADDED ENTRY--CORPORATE NAME | |
| Corporate name or jurisdiction name as entry element | Հայ Առաքելական Սուրբ եկեղեցու քրիստոնեական դաստիարակության և քարոզչության կենտրոն |
| Withdrawn status | Lost status | Damaged status | Not for loan | Collection | Home library | Current library | Date acquired | Cost, normal purchase price | Shelving control number | Total checkouts | Full call number | Barcode | Date last seen | Price effective from | Koha item type | Public note |
|---|---|---|---|---|---|---|---|---|---|---|---|---|---|---|---|---|
| General | Fundamental Scientific Library | Fundamental Scientific Library | 28/12/2016 | 1200.00 | AII/92516 | 220092516 | 28/12/2016 | 28/12/2016 | Գրքեր / Books | 30 Days Loan |
ՀՀ Գիտությունների ազգային ակադեմիայի հիմնարար գիտական գրադարան = Fundamental Scientific Library of NAS RA
All site content, except where otherwise noted, is licensed under a